El-Keşşaf : (Record no. 60031)
| 000 -BAŞLIK | |
|---|---|
| Sabit Uzunluktaki Kontrol Alanı | 01327nam a22003257a 4500 |
| 001 - KONTROL NUMARASI | |
| Control Dosyası | 0060228 |
| 003 - KONTROL NUMARASI KİMLİĞİ | |
| Kontrol Alanı | KOHA_MİRAKIL |
| 005 - EN SON İŞLEM TARİHİ ve ZAMANI | |
| Kontrol Alanı | 20260207004253.0 |
| 007 - FİZİKSEL TANIM SABİT ALAN - GENEL BİLGİ | |
| Sabit uzunluklu kontrol alanı | ta |
| 008 - SABİT UZUNLUKTAKİ VERİ ÖGELERİ - GENEL BİLGİ | |
| Sabit Alan | 170522b2017 tu |||gr||||#||||0|tur | |
| 020 ## - ISBN - ULUSLARARASI STANDART KİTAP NUMARASI | |
| Isbn | 9789751738813 |
| 040 ## - KATALOGLAMA KAYNAĞI | |
| Özgün Kataloglama Kurumu | TR-BiSEU |
| Kataloglama Dili | tur |
| Çeviri Kurumu | TR-BiSEU |
| Açıklama Kuralları | rda |
| 041 0# - DİL KODU | |
| Metin ya da ses kaydının dil kodu | tur |
| 044 ## - YAYINLAYAN/ÜRETEN KURULUŞUN ÜLKE KODU | |
| ISO country code | tu |
| 050 ## - SINIFLAMA ve YER NUMARASI | |
| Sınıflama Numarası | BP130.4 |
| Yer Numarası | .Z46 2017 |
| 100 1# - KİŞİ ADI | |
| Yazar Adı (Kişi adı) | Zemahşerî, Mahmud bin Ömer. |
| 245 13 - ESER ADI BİLDİRİMİ | |
| Başlık | El-Keşşaf : |
| Alt Eseradı vb. | an hakaiki gavamidi't-tenzil ve uyuni'l-ekavil fi vucuhi't-te'vil : |
| -- | keşşaf tefsiri (metin-çeviri)/ |
| Sorumluluk Bildirimi | Mahmud bin Ömer Zemahşerî ; Mahmud bin Ömer Zemahşerî ; çeviri Abdulaziz Hatip, Mehmet Erdoğan, Aydın Temizer, Ömer Çelik, Muhammed Coşkun, A. Enes Çetin ; editör Murat Sülün. |
| 264 #1 - ÜRERİM, YAYIN, DAĞITIM ve TELİF BİLDİRİMİ | |
| Yayın yeri | İstanbul : |
| Yayınlayan | Türkiye Yazma Eserler Kurumu Başkanlığı Yayınları |
| Yayın tarihi | 2017 |
| 300 ## - FİZİKSEL TANIMLAMA | |
| Sayfa, Cilt vb. | c. ; |
| Boyutları | 24 cm. |
| 336 ## - İÇERİK TÜRÜ | |
| Content type term | metin |
| Content type code | txt |
| Source | rdacontent |
| 337 ## - MEDYA TÜRÜ | |
| Media type term | aracısız |
| Media type code | n |
| Source | rdamedia |
| 338 ## - TAŞIYICI TÜRÜ | |
| Carrier type term | cilt |
| Carrier type code | nc |
| Source | rdacarrier |
| 490 1# - DİZİ BİLDİRİMİ | |
| Dizi Bildirimi | Türkiye Yazma Eserler Kurumu Başkanlığı yayınları ; |
| Cilt Numarası | 70. |
| 490 1# - DİZİ BİLDİRİMİ | |
| Dizi Bildirimi | Dini İlimler serisi ; |
| Cilt Numarası | 7 |
| 650 #0 - KONU BAŞLIĞI EK GİRİŞ - KONU TERİMİ | |
| Konusal terim veya coğrafi ad | Kur'an tefsiri. |
| 9 (RLIN) | 102591 |
| 650 #0 - KONU BAŞLIĞI EK GİRİŞ - KONU TERİMİ | |
| Konusal terim veya coğrafi ad | Quran tafsir. |
| 9 (RLIN) | 111297 |
| 830 1# - SERİ EK GİRİŞİ - TEKBİÇİM ESER ADI | |
| Tekbiçim Başlık | Türkiye Yazma Eserler Kurumu Başkanlığı yayınları ; |
| Volume number/sequential designation | 70. |
| 9 (RLIN) | 84004 |
| 830 1# - SERİ EK GİRİŞİ - TEKBİÇİM ESER ADI | |
| Tekbiçim Başlık | Dini İlimler serisi ; |
| Volume number/sequential designation | 7 |
| 9 (RLIN) | 87943 |
| 942 ## - EK GİRİŞ ÖGELERİ (KOHA) | |
| Source of classification or shelving scheme | Library of Congress Classification |
| Koha item type | Book |
| Materyal Türü | Kalıcı Konum | Mevcut Konum | Raf Yeri | Sınıflandırma Kaynağı | Edinim Bilgisi | Ana Konular | Alt Konular | Yer Numarası | Cilt Bilgisi | Demirbaş Numarası | Fatura Tarihi | Geri Çekilme Durumu | Kayıp Durumu | Hasarlı Durumu | Kredi için değil | Kayıt Tarih | Toplam Ödünçverme | Son Görülme Tarihi | Son Kontrol Tarihi | Genel / Bağış Notu |
|---|---|---|---|---|---|---|---|---|---|---|---|---|---|---|---|---|---|---|---|---|
| Book | Prof. Dr. Azmi Özcan Kütüphanesi | Prof. Dr. Azmi Özcan Kütüphanesi | Uluğbey Salonu | Library of Congress Classification | Bağış | FELSEFE, PSİKOLOJİ, DİN | İslam, Bahailik, Teozofi vb. | BP130.4 .Z46 2017 | c.2 | 0060228 | 02/02/2026 | 22/05/2017 | 1 | 05/12/2024 | 05/12/2024 | Türkiye Yazma Eserler Kurumu Başkanlığı |
